000 01315cas a22003737a 4500
005 20220329142020.0
008 990222c1923 pl qr pernn 0 0b1eng d
010 _a77086
011 _a78058
022 0 _a0001-6977
035 _a87866
245 0 0 _aActa Societatis Botanicorum Poloniae
_c/by Botanical Society of Poland
260 0 _aWroclaw, Poland :
_bAgricultural University. Department of Botany and Plant Physiology
_c1923-
300 _av. :
_bilus.
310 _aTrimestral
362 1 _av.66 n.4, 1997
590 _aBATCH-UPD
_b10
_c20130110
_lUCH01
_h2248
590 _aBATCH-UPD
_b10
_c20130410
_lUCH01
_h1542
590 _aBATCH-UPD
_b10
_c20130914
_lUCH01
_h0736
590 _aCONVERSION
_b10
_c20130109
_lUCH01
_h1342
650 1 4 _aBotánica
_xPublicaciones periódicas.
_914606
866 _av. 67 n. 1 (March 1998) - v. 67 n. 2 (June 1998)
866 _av.17 n.1-v.20 n.2 (1946-1950)
866 _av.39 n.1-2,4 (1970)
866 _av.48 n.4-v.49 n.4 (1979-1980)
866 _av.56 n.1,3-4- (1987)
866 _av.57 n.1 (1988)
866 _av.58 n.2-v.60 n.2 (1989-1991)
866 _av.61 n.1-v.66 n.4 (1992-1997)
901 _aSE
905 _aLilia Sánchez G.
999 _c77086
_d77086